000 00346nam a2200121Ia 4500
008 190216s9999||||xx |||||||||||||| ||und||
100 _aAssociation Of Indian University Author
245 0 _aEquivalence Of Foreign Degrees
260 _bAssociation Of Indian Universities
_c1987
300 _a421p
650 _aGeneral Collections
942 _cREF
999 _c35898
_d35898